| 000 | 00628nam a22001931i 4500 | ||
|---|---|---|---|
| 001 | 183469 | ||
| 003 | ES-MaACL | ||
| 005 | 20230906221911.0 | ||
| 008 | 140626q19001925sp |||| | spa d | ||
| 080 | _a821.111-31"18" | ||
| 100 | 1 |
_aGriffith, George ( _d1857-1906) _9154868 |
|
| 245 | 1 | 3 |
_aUn parecido fatal / _cnovela escrita en inglés por Jorge Griffith. |
| 260 |
_aMadrid : _b[s.n., _c19-?] |
||
| 300 |
_a60 p. ; _c26 cm. |
||
| 490 | 1 | _aBibliotecade Alrededor del Mundo | |
| 830 | 0 |
_aBibliotecade Alrededor del Mundo _9191992 |
|
| 852 |
_aES-MaACL _jG-6063(3) _z.- Encuadernado con otras obras |
||
| 999 |
_c183469 _d183469 |
||